Central Library OPAC University of Rajshahi

حیات امام احمد بن حنبل # # Imam ahmad bn hanbal : حضرت الامام,أحمد بن محمدبن حنبل كےحالات و سوانح ؛ امام صحب کے زمانہ ،ان کےافکار ،اور فقہ اسلامی مییحنبلی فقہ کی اتیازی حیثیت کا تفصیلی تذکرہ (Record no. 83279)

MARC details
000 -LEADER
fixed length control field 01419nam a2200229 4500
001 - CONTROL NUMBER
control field 83279
003 - CONTROL NUMBER IDENTIFIER
rucl marc code BD-RjUL
005 - DATE AND TIME OF LATEST TRANSACTION
control field 20240310113457.0
008 - FIXED-LENGTH DATA ELEMENTS--GENERAL INFORMATION
fixed length control field 220915s1956 p ||||| |||| 00| 0 urd d
035 ## - SYSTEM CONTROL NUMBER
System control number (BD-RjUL) 83279
040 ## - CATALOGING SOURCE
Original cataloging agency BD-RjUL
Language of cataloging eng
Transcribing agency BD-RjUL
041 ## - LANGUAGE CODE
Language code of text/sound track or separate title urd
082 ## - DEWEY DECIMAL CLASSIFICATION NUMBER
Edition number 23
Classification number 297.125612
Author mark and year ZAH 1956
100 1# - MAIN ENTRY--PERSONAL NAME
Personal name Zahra Mohammad Abu ### زهرة , محمد ابو
9 (RLIN) 4839
245 10 - TITLE STATEMENT
Title حیات امام احمد بن حنبل # # Imam ahmad bn hanbal : حضرت الامام,أحمد بن محمدبن حنبل كےحالات و سوانح ؛ امام صحب کے زمانہ ،ان کےافکار ،اور فقہ اسلامی مییحنبلی فقہ کی اتیازی حیثیت کا تفصیلی تذکرہ
Statement of responsibility, etc. Muhammad Abu Zahra, translated by Sayed Rais Ahmed Jafari Nadwi #### محمد أبو زهره ; ترجمه سيد رئيس احمد جعفري ندوي
260 ## - PUBLICATION, DISTRIBUTION, ETC. (IMPRINT)
Place of publication, distribution, etc. Lahore :
Name of publisher, distributor, etc. Al-maktubat al Salafiah ,
Date of publication, distribution, etc. 1956
300 ## - PHYSICAL DESCRIPTION
Pagination 508 p. ;
Size 23 cm
505 ## - FORMATTED CONTENTS NOTE
Formatted contents note حضرت الامام,أحمد بن محمدبن حنبل كےحالات و سوانح ؛ امام صحب کے زمانہ ،ان کےافکار ،اور فقہ اسلامی مییحنبلی فقہ کی اتیازی حیثیت کا تفصیلی تذکرہ
600 ## - SUBJECT ADDED ENTRY--PERSONAL NAME
Personal name إبن حنبل، أحمد بن محمد, الامام,
Dates associated with a name 780-855
Personal name Ibn Hanbal, Ahmad Ibn Muhammad, Imam,
942 ## - ADDED ENTRY ELEMENTS (KOHA)
Source of classification or shelving scheme Dewey Decimal Classification
Koha item type Books
Holdings
Lost status Source of classification or shelving scheme Damaged status Not for loan Collection code Permanent Location Current Location Shelving location Date acquired Source of acquisition Cost, normal purchase price Total Checkouts Full call number Date last seen Copy number Koha item type
  Dewey Decimal Classification   Not For Loan Non-fiction Central Library, University of Rajshahi Central Library, University of Rajshahi Reading Room 13/10/1973 Quran manjil, Rajshahi 10.00   U 297.125612 ZAH 1956 10/03/2024 C-1 Books